00550nam a2200157Ia 450000500170000000800410001704100080005808200160006610000240008224500650010626000400017130000090021165000220022099900190024295201310026120250729165745.0250729s2008 xx 000 0 und d aeng a372.25 BHAP aK.k. Bhatin9232243 aPhilosophical and Sociological Base of Teacher and Education aLudhiyanabTandon Publicationc2008 a438p aEducation9232244 c239685d239685 00104070aALbALd2025-07-29eManagement Bookg290.00l0o372.25 BHAPpBED05004r2025-07-29 16:57:45v290.00w2025-07-29yBK